01049 2200205 4500001002100000005001500021035002000036008004100056245005800097100001900155250000600174260003800180300001200218084001400230082000800244650001000252520055700262990001200819990001200831INLIS00000000000093220240531104010 a0010-0524000167240531 1 ind 1 aDandelion Lover; Cinta Yang Tertunda /cFahrul Khakim aKhakim, Fahrul a1 aYogyakarta :bSheila/ Andi,c2015 a298 hlm a813 FAH d a813 4aFiksi aMay jatuh bangun mencari mahkota itu didukung dua sahabatnya, Jeni dan Eva. Segalanya serba tertunda ketika May harus memilih diantara tiga mahkota yang membantunya sembuh dari patah hati dan memberinya kepercayaan baru tentang cinta: Alfin san vokalis band indie yang tengah naik daun, Diraz calon seniman lukis sekaligus mantan pacarnya, atau Oriz tetangga jenius yang selalu menolongnya.Awal semua terasa indah, sampai Amy menyadari cinta yang tertunda selalu menyimpan kebenaran yang terkadang menyakitkan . Apakah cinta akan menunjukkan jalannya?? a0741618 a0741619